Statistics for Capitals of Countries Bordering Austria

Click here to take the quiz!

General Stats

  • This quiz has been taken 47 times
  • The average score is 8 of 8

Answer Stats

Capital Country % Correct
GermanyBerlin
100%
HungaryBudapest
98%
ItalyRome
98%
SwitzerlandBern
98%
Czech RepublicPrague
94%
SlovakiaBratislava
89%
LiechtensteinVaduz
87%
SloveniaLjubljana
87%

Score Distribution

Percentile by Number Answered

Percent of People with Each Score

Your Score History

You have not taken this quiz